[Event "Kalamazoo op1"]
[Site "Kalamazoo"]
[Date "2003.08.31"]
[Round "5.10"]
[White "Hamood, Al"]
[Black "Donis, Cameron"]
[Result "1-0"]
[WhiteElo "2042"]
[BlackElo "1846"]
[PlyCount "89"]
[EventDate "2003.08.29"]
[EventType "swiss"]
[EventRounds "7"]
[EventCountry "USA"]
[SourceTitle "EXT 2007"]
[Source "ChessBase"]
[SourceDate "2006.11.23"]
[SourceVersion "1"]
[SourceVersionDate "2006.11.23"]
[SourceQuality "1"]

1. e4 c5 2. Nf3 Nc6 3. d4 cxd4 4. Nxd4 Nf6 5. Nc3 e5 6. Ndb5 d6 7. Bg5 a6 8. Na3 b5 9. Bxf6 gxf6 10. Nd5 f5 11. Bd3 Be6 12. c3 Rb8 13. Nc2 h5 14. a4 Qg5 15. Nc7+ Kd7 16. Nxe6 fxe6 17. axb5 axb5 18. exf5 Qxg2 19. fxe6+ Ke7 20. Rf1 e4 21. Ne3 Qg6 22. Be2 Qxe6 23. Bxh5 Ne5 24. Ra7+ Kd8 25. Be2 Rxh2 26. Qa1 Nd3+ 27. Bxd3 exd3 28. Qa5+ Ke8 29. Qc7 Rc8 30. Qb7 Rh5 31. Rg1 Re5 32. Kd2 Rec5 33. Rg6 Qe7 34. Qxe7+ Bxe7 35. Re6 R8c7 36. Rxc7 Rxc7 37. Nd5 Rb7 38. Rxe7+ Rxe7 39. Nxe7 Kxe7 40. Kxd3 Ke6 41. Kd4 Kd7 42. Kd5 Kc7 43. f4 Kd7 44. b4 Ke7 45. f5 1-0

[Event "Auburn Hills op"]
[Site "Auburn Hills"]
[Date "2003.04.27"]
[Round "3"]
[White "Hamood, Al"]
[Black "Rogers, Bradley K"]
[Result "0-1"]
[WhiteElo "2074"]
[BlackElo "2056"]
[PlyCount "108"]
[EventDate "2003.04.26"]
[EventType "swiss"]
[EventRounds "5"]
[EventCountry "USA"]
[SourceTitle "EXT 2007"]
[Source "ChessBase"]
[SourceDate "2006.11.23"]
[SourceVersion "1"]
[SourceVersionDate "2006.11.23"]
[SourceQuality "1"]

1. e4 e6 2. d4 d5 3. Nc3 Bb4 4. e5 c5 5. a3 Bxc3+ 6. bxc3 Qc7 7. Nf3 Nc6 8. a4 Nge7 9. Ba3 c4 10. Be2 f6 11. Bd6 Qa5 12. Qd2 Bd7 13. 0-0 0-0-0 14. exf6 gxf6 15. h3 Nf5 16. Bh2 Rde8 17. Rfb1 Nce7 18. g4 Rhg8 19. Kh1 Ng7 20. Qf4 e5 21. Qxf6 Ng6 22. Nxe5 Nxe5 23. Bxe5 Ne6 24. Bg3 Rgf8 25. Qe5 Nf4 26. Qd6 Rf6 27. Qxf6 Nxe2 28. Qd6 Nxg3+ 29. Qxg3 Qa6 30. Qf3 Qh6 31. a5 Rf8 32. Qg3 Qg6 33. a6 b6 34. Re1 h5 35. f3 hxg4 36. hxg4 Qxc2 37. Rac1 Qd2 38. Red1 Rh8+ 39. Kg1 Qe3+ 40. Kf1 Rh1+ 41. Kg2 Rxd1 42. Rxd1 Qe2+ 43. Kh3 Qxd1 44. Qf4 Qa1 45. Qf8+ Kc7 46. Qf4+ Kc6 47. Qf6+ Kb5 48. Qd6 Qh1+ 49. Kg3 Qe1+ 50. Kf4 Qc1+ 51. Kg3 Bc6 52. Qb4+ Kxa6 53. f4 Qe3+ 54. Kh4 Qxf4 0-1

[Event "Auburn Hills op"]
[Site "Auburn Hills"]
[Date "2002.04.27"]
[Round "2"]
[White "Hamood, Al"]
[Black "Smith, Walter"]
[Result "1-0"]
[WhiteElo "1891"]
[BlackElo "1973"]
[PlyCount "137"]
[EventDate "2002.04.26"]
[EventType "swiss"]
[EventRounds "5"]
[EventCountry "USA"]
[SourceTitle "EXT 2007"]
[Source "ChessBase"]
[SourceDate "2006.11.23"]
[SourceVersion "1"]
[SourceVersionDate "2006.11.23"]
[SourceQuality "1"]

1. e4 c5 2. Nf3 Nc6 3. d4 cxd4 4. Nxd4 Nf6 5. Nc3 g6 6. Nxc6 bxc6 7. e5 Nh5 8. Be2 Ng7 9. Bh6 Qc7 10. f4 Qb6 11. Qd2 Rb8 12. Rb1 Nf5 13. Bxf8 Rxf8 14. Bd3 f6 15. Ne4 fxe5 16. fxe5 Qd4 17. c3 Qxe5 18. 0-0 d5 19. Ng5 h6 20. Rbe1 Qg7 21. Nf3 Rf6 22. Qf2 Rb6 23. a4 e6 24. a5 Rb8 25. Ne5 h5 26. Nxc6 Rb7 27. Ba6 Rc7 28. Bxc8 Rxc8 29. Nxa7 Ra8 30. Nc6 Ra6 31. Nd4 Qc7 32. Nxf5 Rxf5 33. Qd4 Rxf1+ 34. Rxf1 Qa7 35. Qxa7 Rxa7 36. b4 Ke7 37. Ra1 Kd6 38. b5 Ra8 39. Kf2 g5 40. Ke3 e5 41. b6 Kc6 42. Rb1 g4 43. b7 d4+ 44. cxd4 exd4+ 45. Kxd4 Rd8+ 46. Kc4 Kc7 47. b8Q+ Rxb8 48. Rxb8 Kxb8 49. Kd5 Ka7 50. Ke5 h4 51. Kf4 h3 52. g3 Ka6 53. Kxg4 Kxa5 54. Kxh3 Kb6 55. Kg4 Kc7 56. h4 Kd7 57. Kf5 Ke7 58. g4 Kf7 59. h5 Kg7 60. g5 Kf7 61. h6 Kg8 62. Kf6 Kh7 63. g6+ Kg8 64. h7+ Kh8 65. g7+ Kxh7 66. Kf7 Kh6 67. g8Q Kh5 68. Qg3 Kh6 69. Qg6# 1-0

[Event "Lansing op"]
[Site "Lansing"]
[Date "2001.09.03"]
[Round "6"]
[White "Hamood, Al"]
[Black "Szczypka, Tom"]
[Result "0-1"]
[WhiteElo "1872"]
[BlackElo "1977"]
[PlyCount "94"]
[EventDate "2001.08.31"]
[EventType "swiss"]
[EventRounds "7"]
[EventCountry "USA"]
[SourceTitle "EXT 2007"]
[Source "ChessBase"]
[SourceDate "2006.11.23"]
[SourceVersion "1"]
[SourceVersionDate "2006.11.23"]
[SourceQuality "1"]

1. e4 c5 2. Nf3 d6 3. Bd3 Nf6 4. c3 b6 5. 0-0 g6 6. Bc2 Bb7 7. Re1 Bg7 8. d4 0-0 9. Qe2 Nbd7 10. Nbd2 cxd4 11. cxd4 Rc8 12. Bb3 e5 13. d5 Nc5 14. Bc4 Qc7 15. Bd3 Nxd3 16. Qxd3 Nd7 17. b4 f5 18. Ng5 Qc3 19. Qb1 fxe4 20. Re3 Qc2 21. Qb3 Bh6 22. h4 Qxb3 23. axb3 Bxd5 24. Ndxe4 Bxe4 25. Rxe4 d5 26. Re1 Bxg5 27. Bxg5 Rc7 28. Ra2 Kf7 29. f4 e4 30. Rd2 Ke6 31. Red1 Nf6 32. Bxf6 Rxf6 33. Rxd5 Rxf4 34. g3 Rf3 35. Kg2 Rxb3 36. Rd6+ Ke7 37. R6d4 e3 38. Kf3 e2+ 39. Kxe2 Rc2+ 40. R1d2 Rxd2+ 41. Kxd2 Rxg3 42. b5 Ra3 43. h5 g5 44. Rc4 Kd7 45. Rc6 Rf3 46. Ke2 Rf7 47. h6 Rf5 0-1

[Event "Lansing op"]
[Site "Lansing"]
[Date "2001.09.01"]
[Round "2"]
[White "Loo, James"]
[Black "Hamood, Al"]
[Result "1/2-1/2"]
[WhiteElo "1568"]
[BlackElo "1872"]
[PlyCount "90"]
[EventDate "2001.08.31"]
[EventType "swiss"]
[EventRounds "7"]
[EventCountry "USA"]
[SourceTitle "EXT 2007"]
[Source "ChessBase"]
[SourceDate "2006.11.23"]
[SourceVersion "1"]
[SourceVersionDate "2006.11.23"]
[SourceQuality "1"]

1. c4 Nf6 2. Nc3 g6 3. g3 Bg7 4. Bg2 0-0 5. Nf3 d6 6. 0-0 e5 7. d3 c6 8. Bg5 h6 9. Bd2 a5 10. Rb1 Re8 11. Ne1 Na6 12. a3 Nc7 13. b4 axb4 14. axb4 Be6 15. Qc1 Kh7 16. b5 Qd7 17. bxc6 bxc6 18. Rb6 d5 19. Qb2 Bh3 20. cxd5 cxd5 21. Rb7 Rec8 22. Nc2 Bxg2 23. Kxg2 d4 24. Ne4 Nxe4 25. dxe4 d3 26. Ne3 dxe2 27. Re1 Qd3 28. Qc2 Qxc2 29. Nxc2 Ra2 30. Rc1 Ne6 31. Ne1 Rxc1 32. Bxc1 Nd4 33. Rb2 Ra1 34. Bd2 Bf8 35. f3 Rd1 36. Kf2 Ba3 37. Ra2 Bc5 38. Be3 Bb4 39. Bxd4 Rxe1 40. Bxe5 Rh1 41. Rxe2 Rxh2+ 42. Kf1 Rh5 43. Bf6 Rc5 44. Rb2 Rc1+ 45. Kg2 Bc3 1/2-1/2

[Event "Kalamazoo op"]
[Site "Kalamazoo"]
[Date "2001.07.28"]
[Round "2"]
[White "Moore, Robert"]
[Black "Hamood, Al"]
[Result "0-1"]
[WhiteElo "1600"]
[BlackElo "1864"]
[PlyCount "28"]
[EventDate "2001.07.28"]
[EventType "swiss"]
[EventRounds "5"]
[EventCountry "USA"]
[SourceTitle "EXT 2007"]
[Source "ChessBase"]
[SourceDate "2006.11.23"]
[SourceVersion "1"]
[SourceVersionDate "2006.11.23"]
[SourceQuality "1"]

1. e4 c5 2. Nf3 e6 3. d4 cxd4 4. Nxd4 Nc6 5. Nc3 Qc7 6. Bd3 Nxd4 7. 0-0 a6 8. a3 Bc5 9. Be3 Ne7 10. Re1 b5 11. Qg4 0-0 12. f4 f5 13. Qh4 Rf6 14. g4 Nf3+ 0-1

[Event "Romulus op"]
[Site "Romulus"]
[Date "2000.09.01"]
[Round "1"]
[White "Hamood, Al"]
[Black "Levi, Ariel"]
[Result "0-1"]
[WhiteElo "1818"]
[BlackElo "2123"]
[PlyCount "52"]
[EventDate "2000.09.01"]
[EventType "swiss"]
[EventRounds "7"]
[EventCountry "USA"]
[SourceTitle "EXT 2007"]
[Source "ChessBase"]
[SourceDate "2006.11.23"]
[SourceVersion "1"]
[SourceVersionDate "2006.11.23"]
[SourceQuality "1"]

1. d4 Nf6 2. c4 c5 3. Nf3 cxd4 4. Nxd4 e6 5. g3 d5 6. Bg2 e5 7. Nf3 d4 8. 0-0 Nc6 9. e4 Be7 10. a3 a5 11. b3 0-0 12. Nbd2 Nd7 13. Ne1 Nc5 14. Bb2 Be6 15. Ndf3 a4 16. Rc1 Nxb3 17. Rc2 f6 18. Nd3 Nca5 19. Nh4 Nxc4 20. Nf5 Nxa3 21. Bxa3 Bxa3 22. f4 Bd6 23. Bh3 Qd7 24. Rb2 Rac8 25. g4 exf4 26. Nxf4 Bxf4 0-1